00799nam a22002057a 4500003000400000020001800004082001600022245008500038260006100123300000900184546001300193650004200206650005600248650004600304650003800350650005600388942001200444999001900456952011800475OSt a9788171641529 a630bIND/AG aAgricultural technologies commercialized/ready for commercialization:bfisheries aNew DelhibIndian Council of Agricultural Researchc2014 a51p. aEnglish  aFisheries Technologies:Commercialized aFisheries Technologies:Ready for Commercialization  aFish Kure : Extruded snack food from fish aVarna:Marine Ornamental fish feed aKit for Detection of Chemolithoautotrophic bacteria 2ddccBK c160084d160084 00102ddc40708GenaKAUCLVbKAUCLVcGENERALd2018-04-21g150.00l0o630 IND/AGp227937r2018-04-21 00:00:00yBK